000
00329nam a2200133Ia 4500
008
240624s9999 xx 000 0 und d
041
_a
eng
082
_a
658 MOT
100
_a
MOTE V L
245
_a
TEXTILE AND FASHION CHALLENGES AND STRAT
260
_c
2000
_a
new Delhi
_b
Tata McGrawhill
300
_a
xxvii, : 159
365
_c
RS
999
_c
1163
_d
1163